Регионална библиотека "Любен Каравелов" - Русе

Полное собрание сочинений (Запис номер 417679)

MARC детайли
000 -Лидер
Контролно поле с фиксирана дължина nam a22 a 4500
003 - Код на организацията, давaща контролен номер
Контролно поле BLK
005 - Дата и час на последна редакция
Контролно поле 20210603105418.0
008 - Елементи от данни с фиксирана дължина
fixed length control field 210204b bu ||||| |||| 00| 0 bu d
040 ## - Източник на каталожния запис
Идентификатор на билиотеката - собственик на записа BLK
041 ## - Код за език
Код за езика на текст/звукозапис или на отделно заглавие Руски
Код за езика КДБФ Руски
080 ## - УДК
Текстов определител УДК Машинни елементи. Механизми. Предавки (механични). Подемно-транспортно оборудване. Свързващи средства. Смазки
УДК код - определител по УДК 621.8
УДК - код + определител 621.8(081)
080 ## - УДК
Текстов определител УДК Теория на машините и механизмите. Общи въпроси на техническата механика. Приложна механика
УДК код - определител по УДК 531.8
УДК - код + определител 531.8(081)
100 ## - Редна дума - Автор
R(LIN) 452918
Автор Чебышев, Пафнутий Львович
Авторска отговорност първи автор
139 ## - Редно поле
Редна дума Чебышев, Пафнутий Львович
245 ## - Сведения за заглавието
Заглавие Полное собрание сочинений
Редно поле (дума) П. Л. Чебышев ; [ред. кол.: С. Н. Бернштейн (отв. ред.) и др.].
Том Т. 4.
Заглавие на том Теория механизмов
257 ## - Страна на издаване
Страна на създаване/издаване Русия
260 ## - Област на издателските данни
9 (RLIN) 219305
Място на издаване, разпространение и проч. Москва ; Ленинград
Име на издателя, разпространителя и проч. Акад. наук СССР
Година на издаване [1944 -]
300 ## - Физическа характеристика
Размери/Мащаб 26 см
380 ## - Жанр
Жанр Естествени науки. Математика
650 #0 - Допълнително описание по предмет – тема
9 (RLIN) 318208
Основно описание – тема или топоним Механизми - теория
653 #0 - Ключова дума – ненормативна
9 (RLIN) 452924
Ключова дума Пафнутий Чебишев
653 #0 - Ключова дума – ненормативна
9 (RLIN) 443269
Ключова дума съчинения
700 ## - Други автори (авторска отговорност)
9 (RLIN) 747
Лично име Бернштейн, Сергей Натанович
Автороска отговорност (Описва отношението между автора и произведението) отв. ред.
760 ## - Описание на основната серия
Редна дума на основното описание Чебышев, Пафнутий Львович
Издание 1948
Страници - том 256 с., 1 л. портр.
Част - том Т. 4.
Заглавие Теория механизмов
852 ## - Местоположение
Форматна сигнатура Цб 5.260.40309
Фондова буква Основен фонд - ползва се само за читалня
852 ## - Местоположение
Форматна сигнатура Цб 6.260.40309
Фондова буква Основен фонд - ползва се само за читалня
999 ## - СИСТЕМНИ КОНТРОЛНИ НОМЕРА
Koha biblionumber 417679
Koha biblioitemnumber 417679
942 ## - АРТИКУЛИ
Вид на библиотечния материал Книги
Скрит в OPAC Не
Периодичен библиозапис Да
944 ## - СЪЗДАВАНЕ И РЕДАКЦИЯ на ЗАПИСА
Създаване/Редакция Създаване
Дата на регистрацията/редакция 2021-06-03
Служител, извършил регистрацията/редакцията Кети
Наличности
Код за отписване Код за изгубен артикул Източник на класификационната схема Код за повреда Коз за рестрикции Код за отдаване Артикулен № Име на библиотеката - собственик Име на библиотеката, в която се намира в момента Статус (Текущо местоположение) Дата на вписване в системата Местоположение - отдел Цена в лева Инвентарен номер Систематично азбучна сигнатура Баркод Цена в евро Служебен тип на артикула
  Не е изгубен Universal Decimal Classification Не е повреден само за читалня ползва се в читалня 834702 Регионална библиотека "Любен Каравелов" Русе Регионална библиотека "Любен Каравелов" Русе Хранилище 2021-06-04 Основен фонд - ползва се само за читалня 1.60 8074/53 Цб 6.260.40309 900000063354 0.82 Книги
Vip Innovations Ltd, Rousse, Bulgaria 2025